Statistics for World’s 15 Most Googled Countries

Click here to take the quiz!

General Stats

  • This quiz has been taken 68 times
  • The average score is 6 of 15

Answer Stats

Answer% Correct
China
98%
Japan
89%
India
78%
Australia
74%
Canada
71%
Mexico
71%
Egypt
40%
Cuba
23%
Peru
20%
Singapore
18%
Malaysia
15%
Colombia
14%
Belgium
6%
Luxembourg
3%
El Salvador
0%

Score Distribution

Percentile by Number Answered

Percent of People with Each Score

Your Score History

You have not taken this quiz